000 00515nam a22001937a 4500
003 KOHA_MİRAKIL
005 20251224123141.0
008 251224b tu ||||| |||| 00| 0 tur d
020 _a9786051965727
040 _aTR-AnABB
_btur
_cTR-AnABB
041 _atur
082 _a172
_bOZT 2021
100 1 _aÖztürk, Armağan,
245 1 0 _aSiyasal ve Sosyal Kuram /
260 _aİstanbul :
_bÇizgi Yayınevi,
_c2021
300 _a287 sayfa ;
_c22 cm
650 0 4 _aSiyasal söylem
942 _2ddc
_cBK
999 _c9909
_d9909
900 _bGizem YORULMAZ